00392nam a2200121Ia 4500008004000000020001800040082001300058100002200071245006500093260004000158300001200198650006000210210210b2000 xxu||||| |||| 00| 0 eng d a81 7371 266 2 a428 WEIW aWEISS (Edmond H). aWriting remedies: practical exercises for technical writing. aHyderabadbUniversities Pressc2000 axii,177 aWriting remedies Technical writing Writing exercises